Normal view
MARC view
- Schmerr, Lester W
Entry Personal Name
001 - CONTROL NUMBER
- control field: 100311
003 - CONTROL NUMBER IDENTIFIER
- control field: NUST
005 - DATE AND TIME OF LATEST TRANSACTION
- control field: 20221014114842.0
008 - FIXED-LENGTH DATA ELEMENTS
- fixed length control field: 221014|| aca||aabn | a|a d
040 ## - CATALOGING SOURCE
- Original cataloging agency: NUST
- Transcribing agency: NUST
100 ## - HEADING--PERSONAL NAME
- Personal name: Schmerr, Lester W
670 ## - SOURCE DATA FOUND
- Source citation: Work cat.: (NUST): Schmerr, Lester W., Advanced Mechanics of Solids:, 2021.
